000 00464cam a2200193 4500
001 D12223
008 090401t1968 xxu||||| |||| 00| 0 eng d
035 _a(Sirsi) u2099
041 _aeng
050 _a711.14
100 _aBoynton, John K
245 2 _aA practical guide to compulsory purchase and compensation
250 _a2nd
260 _aLondon
_bOyez
_c1968
350 _a0
490 _aOyez Practice Notes
_v53
942 _n0
948 _c04/03/1997
999 _c85730
_d85730